1269 1280 1479 1774 1798 1807 1859 1282 1832 1104 1140 1869 1805 1274 1585 1869 1185 1102 1762 1907 1368 1504 1394 1761 1609 1966 1790 1634 1977 1369 1357 1415 1387 1208 1394 1708 1829 1989 1999 1448 1615 1357 1246 1999 1901 1784 1605 1801 1716 1140 1124 1872 1060 1175 1610 1666 1036 1629 1014 1505 1996 1172 1487 1593 1983 1313 1582 1059 1045 1701 1858 1880 1389 1176 1137 1318 1970 1734 1463 1659 1059 1553 1157 1284 1847 1858 1352 1598 1246 1144 1455 1516 1953 1881 1575 1862 1511 1277 1025 BCNSPRNW ULIB Ver.6.0+V

เปลี่ยนเป็นภาษาไทย

Change to English
 แสดงรายละเอียดบรรณานุกรม
  กลับหน้าหลัก

Brief Record : Get Marc (ISO 2709) : E-mail record : QR code < ปิดหน้าต่าง
LEADER : 00000nam 2200000uu 4500
001    13399112257
003     ULIB
008    110802s2554||||th 000 0 tha d
020    9786167386349
024    9786167386349
090    นว.^bก831ห
100 0  9law9, อุมารินทร์, บุรามฉัตร, พรรษ, Wanchaya และมิลัน
245 00 หวานนักรักนี้ = Sweetest Love/^c9law9, อุมารินทร์, บุรามฉัตร, พรรษ, Wanchaya และมิลัน
260    นนทบุรี:^bบีไมน์, ^c2554.
300    365 หน้า
945    ^p235^l0^i18473
995    เกษร
999 ^a ใช้งานได้ทุกระบบ
รายการนี้ยังไม่มีแท็ก
คุณยังไม่ได้ล็อกอิน คุณสามารถมีกิจกรรมร่วมกับเว็บไซต์ได้ แต่ต้องล็อกอินก่อน ::
  ล็อกอิน

รายการสื่อสารสนเทศ

ลำดับที่ ประเภท เลขเรียก/บาร์โค้ด สถานที่ สถานะ
1. นวนิยาย
นวนิยาย
นว. ก831ห  
  Barcode: 18473
ห้องสมุดวิทยาเขตสวรรค์ประชารักษ์
►นวนิยาย
บนชั้น
  ขอยืม

BibComment


ยังไม่เคยถูกคอมเมนท์

คอมเมนท์ทรัพยากรรายการนี้
  คอมเมนท์: หวานนักรักนี้ Sw..


 Copyright 2026. Bcnsprnw @Library